| 000 | 01436cam a2200361 i 4500 | ||
|---|---|---|---|
| 999 |
_c60430 _d60430 |
||
| 001 | 20506755 | ||
| 005 | 20230717113345.0 | ||
| 008 | 180522s2019 dcu b 001 0 eng | ||
| 010 | _a 2018024615 | ||
| 020 | _a9781433830181 X (pbk.) | ||
| 020 | _a1433830183 X(pbk.) | ||
| 040 |
_aDLC _beng _cDLC _erda _dDLC |
||
| 042 | _apcc | ||
| 050 | 0 | 0 |
_aRC480.5 _b.W2764 2019 |
| 080 | _a159+616 W-23 | ||
| 082 | 0 | 0 | _223 |
| 100 | 1 |
_aWampold, Bruce E., _d1948- _eauthor. _919368 |
|
| 245 | 1 | 4 |
_aThe basics of psychotherapy : _ban introduction to theory and practice / _cBruce E. Wampold. |
| 250 | _aSecond edition. | ||
| 264 | 1 |
_aWashington, DC : _bAmerican Psychological Association, _c[2019] |
|
| 300 |
_ax, 176 pages ; _c23 cm. |
||
| 336 |
_atext _btxt _2rdacontent |
||
| 337 |
_aunmediated _bn _2rdamedia |
||
| 338 |
_avolume _bnc _2rdacarrier |
||
| 490 | 0 | _aTheories of psychotherapy series | |
| 504 | _aIncludes bibliographical references and index. | ||
| 650 | 0 |
_aPsychotherapy _xHistory. _919369 |
|
| 653 | _aფსიქოთერაპია | ||
| 776 | 0 | 8 |
_iOnline version: _aWampold, Bruce E., 1948- author. _tBasics of psychotherapy _bSecond edition. _dWashington, DC : American Psychological Association, [2019] _z9781433830198 _w(DLC) 2018025149 |
| 906 |
_a7 _bcbc _corignew _d1 _eecip _f20 _gy-gencatlg |
||
| 942 |
_2udc _cBK |
||
| 955 |
_brl11 2018-05-22 _irl11 2018-05-22 to Dewey _axn11 2018-12-20 1 copy rec'd., to CIP ver. |
||